Formule 1 - Victoires de Charles Leclerc - Statistiques

Statistiques générales
  • Ce quiz a été pris 180 fois
  • Le résultat moyen est 6 sur 8
Statistiques - réponses
Victoires % Correct
Monaco 2024
96%
Monza 2024
95%
Belgique 2019
89%
Monza 2019
87%
Bahreïn 2022
75%
Austin 2024
68%
Australie 2022
66%
Autriche 2022
63%
Aucun quiz correspondant
Distribution des résultats
% des personnes avec chaque résultat
Percentile par nombre de réponses
Votre historique - résultats
Vous n’avez pas pris ce quiz